Friends. The complete fourth season / executive ... Read More
Available copies
- 3 of 3 copies available at LARL/NWRL Consortium.
- 3 of 3 copies available at Northwest Regional Library. (Show preferred library)
Current holds
0 current holds with 3 total copies.
Show Only Available Copies
| Location | Call Number / Copy Notes | Barcode | Shelving Location | Status | Due Date |
|---|---|---|---|---|---|
| Godel Memorial-Warren Library | DVD FRI (Text) | 35500006346157 | Main | Available | - |
| Greenbush Public Library | DVD FRI (Text) | 35500006338709 | Main | Available | - |
| Greenbush Public Library | DVD FRI (Text) | 35500006392573 | Main | Available | - |
Record details
- ISBN: 0790776081
- ISBN: 9780790776088
- ISBN: 1419899392
- ISBN: 9781419899393
- Physical Description: 4 videodiscs (555 min.) : sound, color ; 4 3/4 in.
- Publisher: Burbank, CA : Warner Home Video, [2003]
- Copyright: ©2003
Content descriptions
| General Note: | Title from container. Created by David Crane & Marta Kauffman. Special features: Commentary on three episodes; Friends around the world featurette; Friends of ... Read More |
| Formatted Contents Note: | Disc 1. The one with the jellyfish ; The one with ... Read More |
| Creation/Production Credits Note: | Writers: Wil Calhoun [ep. 1,14,15,19]; Jill Condon ... Read More Directors: Shelley Jensen [ep. 1,26]; Peter Bonerz ... Read More |
| Participant or Performer Note: | Jennifer Aniston, Courteney Cox, Lisa Kudrow, Matt ... Read More |
| Date/Time and Place of an Event Note: | Originally broadcast on NBC during the 1997-1998 ... Read More |
| Summary, etc.: | The adventures of six twenty-something friends ... Read More |
| Target Audience Note: | Not rated. |
| System Details Note: | DVD; NTSC, region 1; standard version ... Read More |
| Language Note: | English dialogue; optional English, French, ... Read More |
Search for related items by subject
Search for related items by series
| LDR | 06746cgm a2201105Ii 4500 | ||
|---|---|---|---|
| 001 | 362944 | ||
| 003 | LARL_NWRL_CONSORTIUM | ||
| 005 | 20210325185342.0 | ||
| 008 | 030714t20032003cau555 vleng d | ||
| 007 | vd cvaizq | ||
| 040 | . | ‡aCO2 ‡beng ‡erda ‡cCO2 ‡dJED ‡dBTCTA ‡dUMC ‡dOCLCQ ‡dFHP ‡dZPT ‡dOCLCO ‡dOCLCA ‡dOCLCF ‡dOCLCO ‡dOCL ‡dOCLCO ‡dOCLCQ ‡dOCLCO ‡dTDS ‡dIZ2 ‡dIHZ ‡dWAU ‡dRCS ‡dEMU ‡dQQ3 ‡dNEO ‡dTXKYL ‡dB@L ‡dOCLCA ‡dOCL ‡dOCLCA ‡dOCLCO ‡dKI2 ‡dOCLCO ‡dLKC ‡dOCLCO ‡dIST ‡dJY4 ‡dOCL ‡dOCLCO | |
| 019 | . | ‡a54448834 ‡a83917028 ‡a123310724 ‡a264389242 ‡a522747610 ‡a949876497 ‡a988986281 ‡a1039398492 ‡a1045686857 ‡a1050290763 ‡a1054373573 ‡a1058699448 ‡a1076500090 ‡a1080660990 ‡a1083412851 | |
| 020 | . | ‡a0790776081 | |
| 020 | . | ‡a9780790776088 | |
| 020 | . | ‡a1419899392 | |
| 020 | . | ‡a9781419899393 | |
| 024 | 1 | . | ‡a085392424825 |
| 024 | 1 | . | ‡a883929136261 |
| 024 | 1 | . | ‡a0-7907-7608-1 |
| 024 | 1 | . | ‡a883929686728 |
| 028 | 4 | 1. | ‡a24248 ‡bWarner Home Video |
| 035 | . | ‡a(OCoLC)52607728 ‡z(OCoLC)54448834 ‡z(OCoLC)83917028 ‡z(OCoLC)123310724 ‡z(OCoLC)264389242 ‡z(OCoLC)522747610 ‡z(OCoLC)949876497 ‡z(OCoLC)988986281 ‡z(OCoLC)1039398492 ‡z(OCoLC)1045686857 ‡z(OCoLC)1050290763 ‡z(OCoLC)1054373573 ‡z(OCoLC)1058699448 ‡z(OCoLC)1076500090 ‡z(OCoLC)1080660990 ‡z(OCoLC)1083412851 | |
| 041 | 0 | . | ‡aeng ‡jeng ‡jfre ‡jspa ‡jchi ‡jkor |
| 043 | . | ‡an-us-ny | |
| 046 | . | ‡k1997 ‡l1998 | |
| 082 | 0 | 4. | ‡a791.45/75 ‡221 |
| 245 | 0 | 0. | ‡aFriends. ‡pThe complete fourth season / ‡cexecutive producers, Kevin S. Bright, Marta Kauffman, David Crane ; Warner Bros. Television ; [Bright/Kauffman/Crane Productions]. |
| 246 | 1 | . | ‡iTitle on disc menu: ‡aFriends. ‡nSeason 4 |
| 246 | 3 | . | ‡aFriends. ‡nSeason four |
| 257 | . | ‡aUnited States ‡2naf | |
| 264 | 1. | ‡aBurbank, CA : ‡bWarner Home Video, ‡c[2003] | |
| 264 | 4. | ‡c©2003 | |
| 300 | . | ‡a4 videodiscs (555 min.) : ‡bsound, color ; ‡c4 3/4 in. | |
| 336 | . | ‡atwo-dimensional moving image ‡btdi ‡2rdacontent | |
| 337 | . | ‡avideo ‡bv ‡2rdamedia | |
| 338 | . | ‡avideodisc ‡bvd ‡2rdacarrier | |
| 344 | . | ‡adigital ‡boptical ‡gsurround ‡hDolby 5.0 ‡2rda | |
| 345 | . | ‡afull screen ‡2rda | |
| 346 | . | ‡bNTSC ‡2rda | |
| 347 | . | ‡avideo file ‡bDVD video ‡eregion 1 ‡2rda | |
| 490 | 0 | . | ‡aFriends ; ‡vSeason 4 |
| 538 | . | ‡aDVD; NTSC, region 1; standard version presentation; Dolby Digital 5.0 surround; dual layer. | |
| 546 | . | ‡aEnglish dialogue; optional English, French, Spanish, Chinese, or Korean subtitles; closed-captioned for the hearing impaired. | |
| 500 | . | ‡aTitle from container. | |
| 511 | 1 | . | ‡aJennifer Aniston, Courteney Cox, Lisa Kudrow, Matt LeBlanc, Matthew Perry, David Schwimmer. |
| 500 | . | ‡aCreated by David Crane & Marta Kauffman. | |
| 518 | . | ‡aOriginally broadcast on NBC during the 1997-1998 television season. | |
| 520 | . | ‡aThe adventures of six twenty-something friends living in New York City. | |
| 521 | 8 | . | ‡aNot rated. |
| 500 | . | ‡aSpecial features: Commentary on three episodes; Friends around the world featurette; Friends of Friends video guestbook; What's up with your Friends? video character bios; Who know whom best? Ross's ultimate challenge trivia quiz. | |
| 505 | 0 | 0. | ‡gDisc 1. ‡tThe one with the jellyfish ; ‡tThe one with the cat ; ‡tThe one with the cuffs ; ‡tThe one with the ballroom dancing ; ‡tThe one with Joey's new girlfriend ; ‡tThe one with the dirty girl -- ‡gDisc 2. ‡tThe one where Chandler crosses the line ; ‡tThe one with Chandler in a box ; ‡tThe one where they're going to party ; ‡tThe one with the girl from Poughkeepsie ; ‡tThe one with Phoebe's uterus ; ‡tThe one with the embryos -- ‡gDisc 3. ‡tThe one with Rachel's crush ; ‡tThe one with Joey's dirty day ; ‡tThe one with all the rugby ; ‡tThe one with the fake party ; ‡tThe one with the free porn ; ‡tThe one with Rachel's new dress -- ‡gDisc 4. ‡tThe one with all the haste ; ‡tThe one with all the wedding dresses ; ‡tThe one with the invitation ; ‡tThe one with the worst best man ever ; ‡tThe one with Ross's wedding. |
| 508 | . | ‡aWriters: Wil Calhoun [ep. 1,14,15,19]; Jill Condon [ep. 2,12,18,23]; Amy Toomin [ep. 2,12,18,23]; Seth Kurland [ep. 3,11,21,22]; Andrew Reich [ep. 4,9,15,18]; Ted Cohen [ep. 4,9,15,18]; Michael Curtis [ep. 5,20,22]; Gregory S. Malins [ep. 5,20,22]; Scott Silveri [ep. 6,10,16,19, 23]; Shana Goldberg-Meehan [ep. 6,10, 13,16,23]; Adam Chase [ep. 7,20]; Michael Borkow [ep. 8]; Richard Goodman [ep. 17]; Mark J. Kunerth [ep. 17]. | |
| 508 | . | ‡aDirectors: Shelley Jensen [ep. 1,26]; Peter Bonerz [ep. 3,8,9,14,21,22]; Gail Mancuso [ep. 4,5,20]; Kevin S. Bright [ep. 7,12,19,23]; Gary Halvorson [ep. 10]; David Steinberg [ep. 11]; Dana J. de Vally [ep. 13]; James Burrows [ep. 15,18]; Michael Lembeck [ep. 16,17]. | |
| 650 | 0. | ‡aFriendship ‡vDrama. ‡0(LARL_NWRL_CONSORTIUM)172253 | |
| 650 | 0. | ‡aMan-woman relationships ‡vDrama. ‡0(LARL_NWRL_CONSORTIUM)166008 | |
| 650 | 0. | ‡aRoommates ‡vDrama. | |
| 651 | 0. | ‡aNew York (N.Y.) ‡vDrama. ‡0(LARL_NWRL_CONSORTIUM)168698 | |
| 650 | 7. | ‡aMan-woman relationships. ‡2fast ‡0(LARL_NWRL_CONSORTIUM)38460 | |
| 650 | 7. | ‡aFriendship. ‡2fast ‡0(LARL_NWRL_CONSORTIUM)20818 | |
| 650 | 7. | ‡aRoommates. ‡2fast ‡0(LARL_NWRL_CONSORTIUM)30001 | |
| 651 | 7. | ‡aNew York (State) ‡zNew York. ‡2fast | |
| 650 | 1. | ‡aFriendship ‡zNew York (State) ‡zNew York ‡vDrama. | |
| 655 | 7. | ‡aDrama. ‡2fast | |
| 655 | 7. | ‡aFiction television programs. ‡2fast ‡0(LARL_NWRL_CONSORTIUM)175627 | |
| 655 | 7. | ‡aSituation comedies (Television programs) ‡2fast ‡0(LARL_NWRL_CONSORTIUM)175743 | |
| 655 | 7. | ‡aTelevision comedies. ‡2fast ‡0(LARL_NWRL_CONSORTIUM)175737 | |
| 655 | 7. | ‡aTelevision programs. ‡2fast ‡0(LARL_NWRL_CONSORTIUM)175822 | |
| 655 | 7. | ‡aTelevision series. ‡2fast ‡0(LARL_NWRL_CONSORTIUM)175797 | |
| 655 | 4. | ‡aTelevision comedies. ‡0(LARL_NWRL_CONSORTIUM)175737 | |
| 655 | 4. | ‡aTelevision program ‡zUnited States. | |
| 655 | 4. | ‡aTelevision programs. ‡0(LARL_NWRL_CONSORTIUM)175822 | |
| 655 | 4. | ‡aFilms for the hearing impaired. ‡0(LARL_NWRL_CONSORTIUM)175629 | |
| 655 | 7. | ‡aTelevision programs. ‡2lcgft ‡0(LARL_NWRL_CONSORTIUM)175822 | |
| 655 | 7. | ‡aTelevision comedies. ‡2lcgft ‡0(LARL_NWRL_CONSORTIUM)175737 | |
| 655 | 0. | ‡aDVD-Video discs. | |
| 655 | 0. | ‡aComedy programs. | |
| 700 | 1 | . | ‡aBright, Kevin, ‡d1955- ‡etelevision producer. ‡0(LARL_NWRL_CONSORTIUM)219610 |
| 700 | 1 | . | ‡aKauffman, Marta, ‡d1956- ‡etelevision producer, ‡ecreator. ‡0(LARL_NWRL_CONSORTIUM)203305 |
| 700 | 1 | . | ‡aCrane, David, ‡d1957- ‡etelevision producer, ‡ecreator. ‡0(LARL_NWRL_CONSORTIUM)203306 |
| 700 | 1 | . | ‡aAniston, Jennifer, ‡eactor. ‡0(LARL_NWRL_CONSORTIUM)144211 |
| 700 | 1 | . | ‡aCox, Courteney, ‡d1964- ‡eactor. |
| 700 | 1 | . | ‡aKudrow, Lisa, ‡eactor. ‡0(LARL_NWRL_CONSORTIUM)145774 |
| 700 | 1 | . | ‡aLeBlanc, Matt, ‡eactor. ‡0(LARL_NWRL_CONSORTIUM)141873 |
| 700 | 1 | . | ‡aPerry, Matthew, ‡d1969- ‡eactor. ‡0(LARL_NWRL_CONSORTIUM)143909 |
| 700 | 1 | . | ‡aSchwimmer, David, ‡d1966- ‡eactor. ‡0(LARL_NWRL_CONSORTIUM)120865 |
| 710 | 2 | . | ‡aWarner Bros. Television, ‡eproduction company. ‡0(LARL_NWRL_CONSORTIUM)87511 |
| 710 | 2 | . | ‡aBright/Kauffman/Crane Productions (Firm), ‡eproduction company. |
| 710 | 2 | . | ‡aWarner Home Video (Firm), ‡epublisher. ‡0(LARL_NWRL_CONSORTIUM)139520 |
| 710 | 2 | . | ‡aNBC Television Network, ‡ebroadcaster. ‡0(LARL_NWRL_CONSORTIUM)69954 |
| 730 | 0 | 2. | ‡iContainer of (work): ‡aFriends (Television program). ‡nSeason 4. |
| 901 | . | ‡a362944 ‡b ‡c362944 ‡tbiblio | |

Add to basket
Permalink
Disable Highlighting